000 00607nam a22001817a 4500
005 20251108164238.0
008 250721s1995 xx 000 0 ara d
082 1 4 _a621.32/فار
100 1 _aحسين، فاروق سيد
245 1 0 _aدوائر المؤقت و الفلورسنت و الإضاءة /
264 1 _aبيروت :
_bدار الراتب الجامعية،
_c1995.
300 _a97ص
490 0 _aسلسلة الدوائر العملية و الإلكترونية ؛ 1
650 1 7 _aالإضاءة
650 1 7 _aالهندسة الكهربائية
942 _2ddc
_cBK
999 _c7353
_d7353